000
00292nam a2200121Ia 4500
008
190802s9999 xx 000 0 und d
020
_a
978-81-317-9540-8
100
_a
Frank Woods
245
0
_a
Business Accounting 2
260
_a
New Delhi
_b
Pearson
_c
2013
300
_a
825:p
942
_c
BK
999
_c
2086
_d
2086